<?xml version="1.0" encoding="UTF-8"?>
<collection xmlns="http://www.loc.gov/MARC21/slim">
 <record>
  <leader>02322nam a22002537a 4500</leader>
  <controlfield tag="001">NCT_146828</controlfield>
  <controlfield tag="008">191220b        xxu||||| |||| 00| 0 vie d</controlfield>
  <datafield tag="999" ind1=" " ind2=" ">
   <subfield code="c">7562</subfield>
   <subfield code="d">7562</subfield>
  </datafield>
  <datafield tag="020" ind1=" " ind2=" ">
   <subfield code="a">9786043775099</subfield>
   <subfield code="c">160000</subfield>
  </datafield>
  <datafield tag="082" ind1="0" ind2="4">
   <subfield code="2">23rd ed.</subfield>
   <subfield code="a">001.4</subfield>
   <subfield code="b">T502</subfield>
  </datafield>
  <datafield tag="100" ind1="1" ind2=" ">
   <subfield code="a">Nguyễn Văn Tuấn</subfield>
  </datafield>
  <datafield tag="245" ind1="1" ind2="0">
   <subfield code="a">Cẩm ngang nghiên cứu khoa học từ ý tưởng đến công bố</subfield>
   <subfield code="c">Nguyễn Văn Tuấn</subfield>
  </datafield>
  <datafield tag="250" ind1=" " ind2=" ">
   <subfield code="a">Tái bản có chỉnh sửa và bổ sung</subfield>
  </datafield>
  <datafield tag="260" ind1=" " ind2=" ">
   <subfield code="a">Tp Hồ Chí Minh</subfield>
   <subfield code="b">Tổng hợp Tp Hồ Chí Minh</subfield>
   <subfield code="c">2022</subfield>
  </datafield>
  <datafield tag="300" ind1=" " ind2=" ">
   <subfield code="a">436 tr.</subfield>
   <subfield code="c">21cm</subfield>
  </datafield>
  <datafield tag="520" ind1="3" ind2=" ">
   <subfield code="a">Cuốn sách &quot;Cẩm nang nghiên cứu khoa học từ ý tưởng đến công bố&quot; được soạn ra để giúp cho các bạn muốn dấn thân vào công việc nghiên cứu khoa học. Nhiều học sinh và sinh viên thường tự hỏi bắt đầu nghiên cứu khoa học từ đâu, ý tưởng nghiên cứu xuất phát từ nguồn nào, phương pháp nghiên cứu ra sao, và công bố kết quả ngiên cứu ở đâu. Đó là những câu hỏi cơ bản trong qui trình nghiên cứu khoa học. Qua 21 chương sách, tác giả sẽ giải đáp những câu hỏi trên và kèm theo những ví dụ thực tế giúp bạn đọc hiểu rõ hơn về qui trình nghiên cứu khoa học.</subfield>
  </datafield>
  <datafield tag="653" ind1=" " ind2=" ">
   <subfield code="a">Tham khảo</subfield>
  </datafield>
  <datafield tag="942" ind1=" " ind2=" ">
   <subfield code="2">ddc</subfield>
   <subfield code="c">BK</subfield>
  </datafield>
  <datafield tag="952" ind1=" " ind2=" ">
   <subfield code="0">0</subfield>
   <subfield code="1">0</subfield>
   <subfield code="2">ddc</subfield>
   <subfield code="4">0</subfield>
   <subfield code="6">001_400000000000000_T502</subfield>
   <subfield code="7">0</subfield>
   <subfield code="9">27304</subfield>
   <subfield code="a">000001</subfield>
   <subfield code="b">000001</subfield>
   <subfield code="d">2023-04-04</subfield>
   <subfield code="o">001.4 T502</subfield>
   <subfield code="p">TK.03253</subfield>
   <subfield code="r">2023-04-04</subfield>
   <subfield code="v">160000.00</subfield>
   <subfield code="w">2023-04-04</subfield>
   <subfield code="y">BK</subfield>
  </datafield>
  <datafield tag="952" ind1=" " ind2=" ">
   <subfield code="0">0</subfield>
   <subfield code="1">0</subfield>
   <subfield code="2">ddc</subfield>
   <subfield code="4">0</subfield>
   <subfield code="6">001_400000000000000_T502</subfield>
   <subfield code="7">0</subfield>
   <subfield code="9">27305</subfield>
   <subfield code="a">000001</subfield>
   <subfield code="b">000001</subfield>
   <subfield code="d">2023-04-04</subfield>
   <subfield code="o">001.4 T502</subfield>
   <subfield code="p">TK.03254</subfield>
   <subfield code="r">2023-04-04</subfield>
   <subfield code="v">160000.00</subfield>
   <subfield code="w">2023-04-04</subfield>
   <subfield code="y">BK</subfield>
  </datafield>
  <datafield tag="952" ind1=" " ind2=" ">
   <subfield code="0">0</subfield>
   <subfield code="1">0</subfield>
   <subfield code="2">ddc</subfield>
   <subfield code="4">0</subfield>
   <subfield code="6">001_400000000000000_T502</subfield>
   <subfield code="7">0</subfield>
   <subfield code="9">27306</subfield>
   <subfield code="a">000001</subfield>
   <subfield code="b">000001</subfield>
   <subfield code="d">2023-04-04</subfield>
   <subfield code="o">001.4 T502</subfield>
   <subfield code="p">TK.03255</subfield>
   <subfield code="r">2023-04-04</subfield>
   <subfield code="v">160000.00</subfield>
   <subfield code="w">2023-04-04</subfield>
   <subfield code="y">BK</subfield>
  </datafield>
  <datafield tag="952" ind1=" " ind2=" ">
   <subfield code="0">0</subfield>
   <subfield code="1">0</subfield>
   <subfield code="2">ddc</subfield>
   <subfield code="4">0</subfield>
   <subfield code="6">001_400000000000000_T502</subfield>
   <subfield code="7">0</subfield>
   <subfield code="9">27307</subfield>
   <subfield code="a">000001</subfield>
   <subfield code="b">000001</subfield>
   <subfield code="d">2023-04-04</subfield>
   <subfield code="o">001.4 T502</subfield>
   <subfield code="p">TK.03256</subfield>
   <subfield code="r">2023-04-04</subfield>
   <subfield code="v">160000.00</subfield>
   <subfield code="w">2023-04-04</subfield>
   <subfield code="y">BK</subfield>
  </datafield>
  <datafield tag="952" ind1=" " ind2=" ">
   <subfield code="0">0</subfield>
   <subfield code="1">0</subfield>
   <subfield code="2">ddc</subfield>
   <subfield code="4">0</subfield>
   <subfield code="6">001_400000000000000_T502</subfield>
   <subfield code="7">0</subfield>
   <subfield code="9">27308</subfield>
   <subfield code="a">000001</subfield>
   <subfield code="b">000001</subfield>
   <subfield code="d">2023-04-04</subfield>
   <subfield code="o">001.4 T502</subfield>
   <subfield code="p">TK.03257</subfield>
   <subfield code="r">2023-04-04</subfield>
   <subfield code="v">160000.00</subfield>
   <subfield code="w">2023-04-04</subfield>
   <subfield code="y">BK</subfield>
  </datafield>
  <datafield tag="980" ind1=" " ind2=" ">
   <subfield code="a">Thư viện Trường Đại học Nam Cần Thơ</subfield>
  </datafield>
 </record>
</collection>
